| 000 | 00694nam a2200217Ia 4500 | ||
|---|---|---|---|
| 001 | 12624 | ||
| 003 | GE_BSU | ||
| 008 | 181216s||||||||xx |||||||||||||| ||und|| | ||
| 040 | _cGE_BSU | ||
| 080 | _a636.03 | ||
| 100 | _aМилованов,В.К. | ||
| 245 | _aИскусстенное осеменение сельскохозяйственных животных | ||
| 245 | _cРед.Г.Д.Каплан. | ||
| 260 | _aМосква | ||
| 260 | _bСельхозгиз | ||
| 260 | _c1938 | ||
| 300 | _a367стр.илл.21см. | ||
| 300 | _eТаблицы | ||
| 653 | _aИскусстенное осеменение сельскохозяйственных животных | ||
| 942 | _cBK | ||
| 999 |
_c45796 _d45796 |
||